| 000 | 00487nam a22001937a 4500 | ||
|---|---|---|---|
| 003 | MPLRDC | ||
| 005 | 20220104123330.0 | ||
| 008 | 210129b ||||| |||| 00| 0 eng d | ||
| 020 | _a957-35-0158-9 | ||
| 082 | _a293.1 CHM | ||
| 100 | _a陈慧明 | ||
| 245 |
_a道传飞星紫微斗数入门 _c |
||
| 250 | _a二版四刷 | ||
| 260 |
_a _b武陵出版有限公司 _c1997 |
||
| 300 | _b平 | ||
| 490 | _a紫微系列. 44 | ||
| 650 | _a命书--紫微斗数 | ||
| 942 |
_cBK _o293.1 CHM |
||
| 999 |
_c10511 _d10501 |
||